Statistics for Original Rayman Quiz

Click here to take the quiz!

General Stats

  • This quiz has been taken 13 times
  • The average score is 9 of 29

Answer Stats

Answer% Correct
Fist
83%
Band Land
58%
Blue Mountains
58%
Hanging
58%
Helicopter
58%
Running
58%
Pink Plant Woods
50%
Anguish Lagoon
42%
Picture City
42%
Allegro Presto
33%
Bongo Hills
33%
Eat at Joe's
33%
Grappling Fist
33%
Moskito's Nest
33%
The Dream Forest
33%
the Swamps of Forgetfulness
33%
Candy Château
25%
Gong Heights
25%
Mr Sax's Hullaballoo
25%
The Caves of Skops
25%
Pencil Pentathlon
17%
Crystal Palace
8%
Eraser Plains
8%
Space Mama's Crater
8%
Mr Dark's Dare
0%
Mr Skops's Stalactites
0%
Mr Stone's Peaks
0%
the Hard Rocks
0%
Twilight Gulch
0%

Score Distribution

Percentile by Number Answered

Percent of People with Each Score

Your Score History

You have not taken this quiz